Manhattan prep (Record no. 554062)

000 -LEADER
fixed length control field 01117cas a2200289 i 4500
022 0# - INTERNATIONAL STANDARD SERIAL NUMBER
International Standard Serial Number 2572-3464
082 10 - DEWEY DECIMAL CLASSIFICATION NUMBER
Classification number 378.1662
Author Mark MAN
-- Donation
100 ## - MAIN ENTRY--PERSONAL NAME
Personal name Manhattan Prep
9 (RLIN) 51352
245 00 - TITLE STATEMENT
Title Manhattan prep
Remainder of title 5 lb. book of GRE practice problems. GRE strategy guide supplement
Statement of responsibility, etc. Manhattan Prep
250 ## - EDITION STATEMENT
Edition statement 1st ed.
500 ## - GENERAL NOTE
General note Manhattan Prep GRE Strategy Guides
526 ## - STUDY PROGRAM INFORMATION NOTE
Program name 0
Interest level 1
Reading level 0
Title point value 378_166200000000000_MAN
650 #0 - SUBJECT ADDED ENTRY--TOPICAL TERM
Topical term or geographic name entry element College-level examinations
Geographic subdivision United States
9 (RLIN) 51353
650 #0 - SUBJECT ADDED ENTRY--TOPICAL TERM
Topical term or geographic name entry element Educational tests and measurements.
9 (RLIN) 4230
650 #0 - SUBJECT ADDED ENTRY--TOPICAL TERM
Topical term or geographic name entry element Graduate Record Examination
9 (RLIN) 51354
650 #0 - SUBJECT ADDED ENTRY--TOPICAL TERM
Topical term or geographic name entry element Mathematics
650 #0 - SUBJECT ADDED ENTRY--TOPICAL TERM
Topical term or geographic name entry element Universities and colleges
Geographic subdivision United States
General subdivision Graduate work
-- Examinations
9 (RLIN) 51355
650 #0 - SUBJECT ADDED ENTRY--TOPICAL TERM
Topical term or geographic name entry element Verbal ability
9 (RLIN) 51356
650 #7 - SUBJECT ADDED ENTRY--TOPICAL TERM
Topical term or geographic name entry element College-level examinations.
9 (RLIN) 51357
650 #7 - SUBJECT ADDED ENTRY--TOPICAL TERM
Topical term or geographic name entry element Educational tests and measurements.
9 (RLIN) 4230
650 #7 - SUBJECT ADDED ENTRY--TOPICAL TERM
Topical term or geographic name entry element Graduate Record Examination.
9 (RLIN) 51354
650 #7 - SUBJECT ADDED ENTRY--TOPICAL TERM
Topical term or geographic name entry element Mathematics.
9 (RLIN) 51358
650 #7 - SUBJECT ADDED ENTRY--TOPICAL TERM
Topical term or geographic name entry element Universities and colleges
General subdivision Graduate work
-- Examinations.
9 (RLIN) 51359
650 #7 - SUBJECT ADDED ENTRY--TOPICAL TERM
Topical term or geographic name entry element Verbal ability.
9 (RLIN) 51356
710 2# - ADDED ENTRY--CORPORATE NAME
Corporate name or jurisdiction name as entry element Manhattan Prep (Firm)
9 (RLIN) 51360
942 ## - ADDED ENTRY ELEMENTS (KOHA)
Source of classification or shelving scheme
Koha item type Book
Holdings
Withdrawn status Lost status Source of classification or shelving scheme Damaged status Not for loan Permanent Location Current Location Date acquired Total Checkouts Total Renewals Full call number Barcode Date last seen Date last checked out Price effective from Koha item type
          Military College of Engineering (MCE) Military College of Engineering (MCE) 04/05/2018 1 1 378.1662 MAN MCE-50664 04/10/2018 04/10/2018 04/05/2018 Book
© 2023 Central Library, National University of Sciences and Technology. All Rights Reserved.